Movies Quiz

Random Movies or James Bond Quiz

Bond Girls - Which Bond? Quiz Stats

 Plays Quiz not verified by Sporcle

Challenge
Share
Tweet
Score 0/24 Timer 04:00
0 Plays Today
% Correct
Pierce Brosnan
92.4%
Roger Moore
88.2%
Roger Moore
84.8%
Daniel Craig
84.8%
Pierce Brosnan
84.4%
Roger Moore
83.9%
Sean Connery
82.9%
Sean Connery
82.9%
Daniel Craig
82.5%
Daniel Craig
81.5%
Sean Connery
81%
Roger Moore
80.1%
% Correct
Pierce Brosnan
79.1%
Roger Moore
78.2%
Sean Connery
77.7%
Roger Moore
76.3%
Daniel Craig
74.4%
Timothy Dalton
74.4%
Roger Moore
73.5%
Pierce Brosnan
73%
Sean Connery
71.6%
Timothy Dalton
69.2%
George Lazenby
67.8%
Sean Connery
62.1%

You're not logged in!

Compare scores with friends on all Sporcle quizzes.
Join for Free
OR
Log In

You Might Also Like...

Show Comments

Extras

Top Quizzes Today


Score Distribution

Your Account Isn't Verified!

In order to create a playlist on Sporcle, you need to verify the email address you used during registration. Go to your Sporcle Settings to finish the process.

Report this User

Report this user for behavior that violates our Community Guidelines.

Details: